[Event "Warren (MCO/4/30)"]
[Site "?"]
[Date "1986.??.??"]
[Round "?"]
[White "Wlodarczyk, P.."]
[Black "Mellen, Steve"]
[Result "1-0"]
[WhiteElo "1620"]
[BlackElo "1790"]
[PlyCount "105"]
[EventDate "1986.??.??"]

{4/(30)} 1. e4 Nf6 2. Nc3 d5 3. e5 Ne4 4. d4 Nxc3 5. bxc3 Bf5 6. Rb1 Nd7 7. g4
Be6 8. Nh3 Nb6 9. f4 Bd7 10. Nf2 e6 11. h4 Be7 12. g5 Bc6 13. Bd3 Qd7 14. Qg4
O-O-O 15. f5 Rdg8 16. Nh3 Kb8 17. Nf4 exf5 18. Bxf5 Qd8 19. Qe2 Rf8 20. e6 f6
21. g6 h6 22. h5 Re8 23. Kf2 Nc4 24. Bd3 Nd6 25. Kg2 Ne4 26. Bd2 Bd6 27. Bb5
Bxb5 28. Qxb5 b6 29. Qd3 Nxd2 30. Qxd2 Bxf4 31. Qxf4 Rxe6 32. a4 Qe7 33. a5
Re2+ 34. Kf3 Qe4+ 35. Qxe4 Rxe4 36. axb6 cxb6 37. Rhe1 Rhe8 38. Rxe4 Rxe4 39.
Rb5 Rh4 40. Rxd5 Rh3+ 41. Ke4 Rxc3 42. Rd7 Rc7 43. Rf7 a5 44. d5 Kc8 45. d6 Rd7
46. Kd5 a4 47. Kc6 Rd8 48. Rxg7 Kb8 49. Rb7+ Ka8 50. d7 a3 51. Rxb6 Ka7 52. Rb3
Rb8 53. Rxa3# 1-0

[Event "Warren (MCO/3/48)"]
[Site "?"]
[Date "1986.??.??"]
[Round "?"]
[White "Wilson, Vester"]
[Black "Swartz, J.."]
[Result "1-0"]
[WhiteElo "1605"]
[BlackElo "1605"]
[PlyCount "71"]
[EventDate "1986.??.??"]

{3/(48)} 1. d4 Nf6 2. c4 e6 3. Nf3 Bb4+ 4. Bd2 Nc6 5. a3 Be7 6. Nc3 d5 7. Bf4
Bd6 8. Bxd6 cxd6 9. cxd5 Nxd5 10. Nxd5 exd5 11. e3 O-O 12. Be2 Bd7 13. O-O Rc8
14. Qb3 Rc7 15. Qxd5 Ne7 16. Qxd6 Rc2 17. Ne5 Be6 18. Qxd8 Rxd8 19. Bf3 Rxb2
20. Rfb1 Rxb1+ 21. Rxb1 b6 22. Nc6 Rd7 23. Nxe7+ Rxe7 24. Rc1 g6 25. e4 f6 26.
Be2 Kg7 27. f3 Bf7 28. Kf2 Be8 29. Ke3 g5 30. g3 f5 31. d5 g4 32. d6 Re6 33.
Rc7+ Bf7 34. d7 Rd6 35. Bc4 fxe4 36. fxe4 1-0

[Event "Warren (MCO/4/32)"]
[Site "?"]
[Date "1986.??.??"]
[Round "?"]
[White "Wilson, Vester"]
[Black "Raftshol, W.."]
[Result "1/2-1/2"]
[WhiteElo "1605"]
[BlackElo "1710"]
[PlyCount "96"]
[EventDate "1986.??.??"]

{4/(32)} 1. d4 Nf6 2. c4 c5 3. d5 e6 4. Nc3 exd5 5. cxd5 d6 6. e4 g6 7. Bg5 Bg7
8. Qd2 h6 9. Bf4 O-O 10. Bxh6 Re8 11. Bxg7 Kxg7 12. f3 Nbd7 13. Bd3 Nh5 14.
Nge2 a6 15. h4 Ne5 16. O-O-O b5 17. Rdf1 b4 18. Nd1 Qa5 19. Bb1 Qb5 20. g4 Nxg4
21. fxg4 Bxg4 22. Rf2 Bxe2 23. Qxe2 Qxe2 24. Rxe2 Ng3 25. Rhe1 Nxe2+ 26. Rxe2
Re5 27. Ne3 Rh8 28. Nc4 Re7 29. Rh2 Rd7 30. Kd2 g5 31. Rg2 Rxh4 32. Rxg5+ Kf8
33. Bd3 Rh2+ 34. Be2 f6 35. Rf5 Ke7 36. Ne3 Rc7 37. Ng4 Rg2 38. Rxf6 c4 39.
Re6+ Kd7 40. Ke3 c3 41. bxc3 bxc3 42. Bd1 Rg3+ 43. Kd4 Rxg4 44. Ba4+ Kc8 45.
Re8+ Kb7 46. Bc6+ Kb6 47. Kxc3 Kc5 48. Kb3 Rg3+ 1/2-1/2

[Event "Warren (MCO/6/23)"]
[Site "?"]
[Date "1986.??.??"]
[Round "?"]
[White "Wilson, Vester"]
[Black "Calton, David W"]
[Result "1-0"]
[WhiteElo "1605"]
[BlackElo "1605"]
[PlyCount "55"]
[EventDate "1986.??.??"]

{6/(23)} 1. d4 Nf6 2. c4 g6 3. Nc3 Bg7 4. e4 d6 5. f3 O-O 6. Be3 Nbd7 7. Qd2 c5
8. d5 Re8 9. Bd3 a6 10. Nge2 Nf8 11. Bh6 Bd7 12. a4 b6 13. g4 Bc8 14. h4 Ra7
15. h5 e6 16. hxg6 fxg6 17. Bxg7 Rxg7 18. O-O-O exd5 19. g5 d4 20. gxf6 dxc3
21. Nxc3 Rf7 22. Nd5 Nd7 23. Ne7+ Rexe7 24. fxe7 Qxe7 25. Be2 Ne5 26. Qxd6 Qxd6
27. Rxd6 Nxf3 28. Rd8+ 1-0

[Event "Warren (MCO/4/52)"]
[Site "?"]
[Date "1986.??.??"]
[Round "?"]
[White "Williams, C.."]
[Black "Calton, David W"]
[Result "0-1"]
[WhiteElo "1605"]
[BlackElo "1605"]
[PlyCount "128"]
[EventDate "1986.??.??"]

{4/(52)} 1. e4 d6 2. d4 Nf6 3. Bd3 g6 4. f4 Bg7 5. Nf3 O-O 6. f5 c5 7. c3 Qc7
8. fxg6 fxg6 9. O-O cxd4 10. Qb3+ Kh8 11. Nxd4 Nc6 12. Ne6 Bxe6 13. Qxe6 Ne5
14. Be2 Nxe4 15. Rxf8+ Rxf8 16. Be3 Nc5 17. Qd5 Rf5 18. Qd1 a6 19. Nd2 b5 20.
Nf3 Nc4 21. Bxc4 bxc4 22. Qe2 d5 23. Kh1 h6 24. Nh4 e5 25. Nxf5 gxf5 26. Qf3 f4
27. Bxc5 Qxc5 28. Rd1 d4 29. Qa8+ Kh7 30. Qe4+ Kg8 31. cxd4 exd4 32. Qxf4 c3
33. bxc3 Qxc3 34. Rc1 Qd3 35. h3 Qg6 36. a4 a5 37. Kh2 Qe6 38. Qf2 Qe4 39. Re1
Qc6 40. Ra1 d3 41. Ra2 Qd6+ 42. g3 Bc3 43. Qf3 d2 44. Qd1 Qd4 45. Kg2 Qd5+ 46.
Kf2 Bd4+ 47. Ke2 Qxa2 48. Qxd2 Qxd2+ 49. Kxd2 Kf7 50. Kd3 Bc5 51. Ke4 Kg6 52.
h4 h5 53. Kf3 Kf5 54. g4+ hxg4+ 55. Kg3 Bd6+ 56. Kg2 Kg6 57. Kf1 Bf4 58. Kg2
Kh5 59. Kg1 Kxh4 60. Kg2 Bd6 61. Kh1 Kh3 62. Kg1 g3 63. Kh1 g2+ 64. Kg1 Bc5#
0-1

[Event "Warren (MCO/2/57)"]
[Site "?"]
[Date "1986.??.??"]
[Round "?"]
[White "Williams, C.."]
[Black "Calton, David A"]
[Result "1-0"]
[WhiteElo "1605"]
[BlackElo "1605"]
[PlyCount "67"]
[EventDate "1986.??.??"]

{2/(57)} 1. e4 e5 2. Nf3 Nc6 3. d4 exd4 4. Bc4 Nf6 5. O-O Bc5 6. e5 Ne4 7. Re1
Na5 8. Bd5 Nxf2 9. Kxf2 d3+ 10. Kf1 dxc2 11. Qxc2 Bb4 12. Re2 b6 13. Qf5 Qe7
14. Ng5 d6 15. Qxf7+ Qxf7+ 16. Bxf7+ Kd7 17. e6+ Ke7 18. Kf2 Ba6 19. Rc2 b5 20.
Rxc7+ Kd8 21. Rd7+ Kc8 22. Nc3 Bc5+ 23. Be3 Bxe3+ 24. Kxe3 Nc4+ 25. Kf4 Ne5 26.
Rxd6 Nc4 27. Rxa6 Nxb2 28. Nxb5 Nd3+ 29. Ke3 Nc5 30. Rc1 Kb7 31. Rd6 Nxe6 32.
Nxe6 a6 33. Rc7+ Kb8 34. Rb6# 1-0

[Event "Warren (MCO/4/41)"]
[Site "?"]
[Date "1986.??.??"]
[Round "?"]
[White "Wilke, J.."]
[Black "Sturgis, Derreck"]
[Result "1-0"]
[WhiteElo "1630"]
[BlackElo "1605"]
[PlyCount "43"]
[EventDate "1986.??.??"]

{4/(41)} 1. e4 c5 2. d4 cxd4 3. Nf3 d6 4. Nxd4 Nf6 5. Nc3 a6 6. Bc4 e6 7. Bg5
Be7 8. f4 b5 9. Bxf6 Bxf6 10. Bb3 e5 11. fxe5 Bxe5 12. O-O O-O 13. Nd5 Bb7 14.
c3 Qh4 15. Nf3 Qxe4 16. Nxe5 Bxd5 17. Bxd5 Qe3+ 18. Kh1 Ra7 19. Nxf7 Rfxf7 20.
Qb3 Qe8 21. Rxf7 Rxf7 22. Rf1 1-0

[Event "Warren (MCO/2/46)"]
[Site "?"]
[Date "1986.??.??"]
[Round "?"]
[White "Wilke, J.."]
[Black "Mistry, J.."]
[Result "1-0"]
[WhiteElo "1630"]
[BlackElo "1605"]
[PlyCount "35"]
[EventDate "1986.??.??"]

{2/(46)} 1. e4 e5 2. Nf3 Nc6 3. Bc4 Nf6 4. Ng5 d5 5. exd5 Nxd5 6. Nxf7 Kxf7 7.
Qf3+ Ke6 8. Nc3 Ncb4 9. O-O c6 10. d4 b5 11. Bb3 a5 12. a3 Na6 13. Re1 Qf6 14.
Bxd5+ cxd5 15. Qxd5+ Ke7 16. Rxe5+ Be6 17. Qb7+ Kd6 18. Ne4# 1-0

[Event "Warren (MCO/5/26)"]
[Site "?"]
[Date "1986.??.??"]
[Round "?"]
[White "Wilke, J.."]
[Black "Coleman, John"]
[Result "0-1"]
[WhiteElo "1630"]
[BlackElo "1915"]
[PlyCount "78"]
[EventDate "1986.??.??"]

{5/(26)} 1. e4 c6 2. d4 d5 3. Nc3 dxe4 4. Nxe4 Bf5 5. Ng3 Bg6 6. Nf3 Nd7 7. Be2
Ngf6 8. Ne5 Nxe5 9. dxe5 Qa5+ 10. Bd2 Qxe5 11. O-O Rd8 12. f4 Qd4+ 13. Kh1 Qxd2
14. f5 Qxd1 15. Raxd1 Rxd1 16. Rxd1 e6 17. fxg6 hxg6 18. c3 Bc5 19. Bf3 Ke7 20.
Ne4 Nxe4 21. Bxe4 g5 22. g3 f5 23. Bd3 Rd8 24. Be2 Rxd1+ 25. Bxd1 e5 26. Bc2 e4
27. g4 g6 28. Kg2 Kf6 29. Kg3 f4+ 30. Kg2 Ke5 31. Bb3 Be3 32. Bf7 f3+ 33. Kf1
Kf6 34. Bg8 Bf4 35. h3 e3 36. Bc4 Ke5 37. Bd3 e2+ 38. Bxe2 fxe2+ 39. Kxe2 Ke4
0-1

[Event "Warren (MCO/3/45)"]
[Site "?"]
[Date "1986.??.??"]
[Round "?"]
[White "White, B.."]
[Black "Sujarit, A.."]
[Result "1-0"]
[WhiteElo "1605"]
[BlackElo "1605"]
[PlyCount "121"]
[EventDate "1986.??.??"]

{3/(45)} 1. c4 e5 2. Nc3 Nf6 3. g3 d5 4. Bg2 c6 5. cxd5 cxd5 6. e3 Nc6 7. d4
exd4 8. exd4 Be6 9. Nge2 Be7 10. O-O O-O 11. Nf4 Re8 12. Nxe6 fxe6 13. Bf4 h6
14. Re1 Qd7 15. Qd2 g5 16. Bxg5 hxg5 17. Qxg5+ Kf7 18. Rad1 Rg8 19. Qd2 Bd6 20.
Bh3 Qe7 21. Bxe6+ Qxe6 22. Rxe6 Kxe6 23. Re1+ Kd7 24. Qh6 Raf8 25. Nxd5 Nxd5
26. Qe6+ Kc7 27. Qxd5 Re8 28. Qf7+ Ne7 29. Rc1+ Kd7 30. Qf3 Nc6 31. Qf5+ Kc7
32. d5 Rgf8 33. Qd3 Rd8 34. Qc3 Kd7 35. dxc6+ bxc6 36. Qxc6+ Ke6 37. Re1+ Kf6
38. a4 Kg7 39. Qc3+ Rf6 40. b4 a6 41. b5 axb5 42. axb5 Rb8 43. Rd1 Kf7 44. Rxd6
Rxd6 45. Qc7+ Ke8 46. Qxd6 Rc8 47. Qb4 Kd7 48. h4 Rb8 49. h5 Rh8 50. Qc5 Ke6
51. b6 Kd7 52. Qc7+ Ke6 53. b7 Kf5 54. b8=Q Rxb8 55. Qxb8 Kg5 56. Qe5+ Kg4 57.
h6 Kf3 58. h7 Kg4 59. h8=R Kf3 60. Qe3+ Kg4 61. Qf4# 1-0

[Event "Warren (MCO/4/28)"]
[Site "?"]
[Date "1986.??.??"]
[Round "?"]
[White "White, B.."]
[Black "Hosey, L.."]
[Result "0-1"]
[WhiteElo "1605"]
[BlackElo "1825"]
[PlyCount "68"]
[EventDate "1986.??.??"]

{4/(28)} 1. f4 d5 2. e3 Nf6 3. Be2 Nc6 4. b3 e5 5. fxe5 Nxe5 6. Nf3 Ng6 7. Bb2
Be7 8. O-O O-O 9. Nd4 c6 10. Qe1 Bd7 11. Nc3 Qc7 12. Nf5 Bxf5 13. Rxf5 Rad8 14.
Nd1 Qd7 15. Rf1 Ne4 16. Nc3 Nf6 17. Qd1 d4 18. Na4 b5 19. Bxd4 bxa4 20. bxa4
Qd5 21. d3 c5 22. c4 Qg5 23. Bb2 Qxe3+ 24. Kh1 Ne4 25. Rf3 Nf2+ 26. Rxf2 Qxf2
27. g3 Bd6 28. Qf1 Qxf1+ 29. Rxf1 Rfe8 30. Bf3 Be5 31. Bc1 Rxd3 32. Bd5 Bf6 33.
Bb2 Rxd5 34. Bxf6 Rd2 0-1

[Event "Monroe (MI Op/5/29)"]
[Site "?"]
[Date "1986.??.??"]
[Round "?"]
[White "West, J.."]
[Black "Skidmore, Mike"]
[Result "0-1"]
[WhiteElo "1660"]
[BlackElo "1905"]
[PlyCount "82"]
[EventDate "1986.??.??"]

{5/(29)} 1. e4 c5 2. Nc3 Nc6 3. f4 e6 4. Nf3 d5 5. exd5 exd5 6. d4 Nf6 7. Bb5
Be7 8. Ne5 Bd7 9. dxc5 d4 10. Ne2 Qa5+ 11. c3 Qxb5 12. cxd4 O-O 13. Nc3 Qb4 14.
d5 Nxe5 15. fxe5 Bg4 16. Qd3 Nd7 17. a3 Qxc5 18. Ne4 Qb6 19. d6 Bh4+ 20. g3
Nxe5 21. Qe3 Bd8 22. Qxb6 Bxb6 23. Bf4 Nd3+ 24. Kd2 Nxb2 25. Kc3 Bf3 26. Rhe1
Rac8+ 27. Kxb2 Bd4+ 28. Kb1 Bxa1 29. Kxa1 f6 30. Nc5 Rxc5 31. d7 Rd5 32. Re7
Bg4 33. Be3 Rxd7 34. Rxd7 Bxd7 35. Bxa7 Re8 36. h4 Re6 37. Kb2 b6 38. Kc3 Re3+
39. Kb4 Rxg3 40. Bxb6 Rg4+ 41. Kc3 Rxh4 0-1

[Event "Monroe (MI Op/1a/13)"]
[Site "?"]
[Date "1986.??.??"]
[Round "?"]
[White "West, J.."]
[Black "Mason, D.."]
[Result "0-1"]
[WhiteElo "1660"]
[BlackElo "2070"]
[PlyCount "64"]
[EventDate "1986.??.??"]

1. e4 c6 2. c4 d5 3. Nc3 d4 4. Na4 e5 5. c5 Nf6 6. d3 b5 7. cxb6 axb6 8. b3 Bd6
9. g3 O-O 10. f4 exf4 11. Bxf4 Re8 12. Bxd6 Qxd6 13. Nf3 Ng4 14. Qd2 c5 15. Bh3
b5 16. Nb2 Nc6 17. O-O Ne3 18. Bxc8 Nxf1 19. Rxf1 Rexc8 20. a4 Na5 21. e5 Qd5
22. Ng5 Qxe5 23. Rxf7 Nxb3 24. Qc2 Qxg5 25. Qxb3 c4 26. dxc4 Kxf7 27. axb5 Qe3+
28. Qxe3 dxe3 29. Kf1 Ra2 30. Nd3 Rd8 31. Ne1 Rd1 32. c5 Rf2+ 0-1

[Event "Kalamazoo (WMUSO/1/18)"]
[Site "?"]
[Date "1986.??.??"]
[Round "?"]
[White "Weathers, J.."]
[Black "Smith, Les L"]
[Result "0-1"]
[WhiteElo "1605"]
[BlackElo "1870"]
[PlyCount "120"]
[EventDate "1986.??.??"]

{1/(18)} 1. e4 e5 2. Bc4 Nf6 3. d3 h6 4. Nf3 Nc6 5. c3 Bc5 6. Be3 Bxe3 7. fxe3
d6 8. d4 Nxe4 9. d5 Ne7 10. Bb5+ Bd7 11. Qb3 Nc5 12. Bxd7+ Qxd7 13. Qc4 b5 14.
Qh4 Nxd5 15. e4 Nf6 16. Nbd2 Nd3+ 17. Ke2 Nf4+ 18. Kf1 O-O-O 19. Qf2 Kb8 20.
Qe3 g5 21. c4 bxc4 22. Nxc4 Qb5 23. b3 Ng4 24. Qc3 f5 25. a4 Qa6 26. Ke1 Nxg2+
27. Ke2 fxe4 28. Rhg1 exf3+ 29. Kxf3 Qc6+ 30. Ke2 Nf4+ 31. Kd2 Nf6 32. Qb4+ Qb7
33. Qxb7+ Kxb7 34. Na5+ Ka6 35. b4 d5 36. Rac1 c5 37. Nc6 Rc8 38. b5+ Kb6 39.
Rb1 Ne4+ 40. Ke3 Nc3 41. a5+ Kb7 42. a6+ Kb6 43. Rb3 d4+ 44. Kf3 e4+ 45. Kg4
Rc7 46. Ra1 e3 47. Na5 Re7 48. Nc4+ Kc7 49. b6+ Kb8 50. Na5 Rc8 51. bxa7+ Kxa7
52. Rb7+ Rxb7 53. Nxb7 e2 54. Kg3 Nd3 55. Nd6 Rf8 56. Kg4 Nd1 57. Nb5+ Kb6 58.
Nd6 e1=Q 59. Nc4+ Ka7 60. Rxd1 Qh4# 0-1

[Event "Kalamazoo (WMUSO/4/15)"]
[Site "?"]
[Date "1986.??.??"]
[Round "?"]
[White "Weathers, J.."]
[Black "Smalec, John"]
[Result "0-1"]
[WhiteElo "1605"]
[BlackElo "1605"]
[PlyCount "81"]
[EventDate "1986.??.??"]

{4/(15)} 1. e4 e6 2. Bc4 d5 3. exd5 exd5 4. Bb3 c5 5. d4 Nc6 6. c4 dxc4 7. Qe2+
Qe7 8. Ba4 Qxe2+ 9. Nxe2 Nf6 10. Nbc3 Be6 11. Be3 Be7 12. dxc5 O-O 13. O-O Nb4
14. Bd4 Rfd8 15. Rad1 Nd3 16. Rb1 Nxc5 17. b3 Nxa4 18. bxa4 Rd7 19. Rfd1 Bg4
20. f3 Bf5 21. Rb5 Bd3 22. Kf2 b6 23. Ke1 Rad8 24. Bxf6 Bxf6 25. Ne4 Bxe4 26.
Rxd7 Rxd7 27. fxe4 c3 28. e5 Bg5 29. e6 Bd2+ 30. Kd1 fxe6 31. Kc2 Be1 32. Nxc3
Bxc3 33. Kxc3 Kf7 34. Rb2 Rd5 35. Rf2+ Rf5 36. Rd2 Rd5 37. Rf2+ Ke7 38. Kc4 a6
39. Rb2 Rc5+ 40. Kd4 Rc6 41. Rb3 0-1

[Event "Warren (MCO/4/48)"]
[Site "?"]
[Date "1986.??.??"]
[Round "?"]
[White "Watkins, David"]
[Black "Nixon, Peter"]
[Result "0-1"]
[WhiteElo "1605"]
[BlackElo "1605"]
[PlyCount "102"]
[EventDate "1986.??.??"]

{4/(48)} 1. e4 c5 2. c4 Nc6 3. Nc3 e6 4. d3 Nf6 5. Be3 g6 6. d4 cxd4 7. Bxd4
Nxd4 8. Qxd4 Bg7 9. e5 Ng8 10. Nf3 Ne7 11. Qf4 Nc6 12. Nd4 Bxe5 13. Nxc6 Bxf4
14. Nxd8 Kxd8 15. Be2 Be5 16. O-O Bxc3 17. bxc3 b6 18. Bf3 Rb8 19. Rab1 Ba6 20.
Rb4 Rc8 21. Ra4 Bxc4 22. Rb1 Rc7 23. Re1 Ke7 24. Be2 Bxe2 25. Rxe2 Rxc3 26. g3
a5 27. f4 Rhc8 28. a3 R8c4 29. Rxc4 Rxc4 30. Rb2 Rc6 31. Kf2 Kd8 32. g4 Kc7 33.
Rb3 Rc2+ 34. Kg3 Kc6 35. Rf3 f5 36. gxf5 gxf5 37. h4 Kc5 38. Rd3 d5 39. Re3 Kd6
40. Rb3 Rc6 41. h5 h6 42. a4 d4 43. Kh4 Kd5 44. Rb2 d3 45. Kg3 Kd4 46. Kf3 Kc3
47. Rg2 d2 48. Ke2 Rd6 49. Rg1 d1=Q+ 50. Rxd1 Rxd1 51. Kxd1 Kd3 0-1

[Event "Warren (MCO/1/48)"]
[Site "?"]
[Date "1986.??.??"]
[Round "?"]
[White "Watkins, David"]
[Black "Harma, K.."]
[Result "0-1"]
[WhiteElo "1605"]
[BlackElo "1780"]
[PlyCount "42"]
[EventDate "1986.??.??"]

{1/(48)} 1. e4 c5 2. c4 g6 3. Nc3 Bg7 4. Qc2 Nc6 5. a3 Nd4 6. Qa4 e6 7. d3 Ne7
8. Be3 Nec6 9. Be2 O-O 10. Nf3 d6 11. b4 Nxf3+ 12. Bxf3 Bxc3+ 13. Ke2 Bd7 14.
Qc2 Bxa1 15. Rxa1 cxb4 16. axb4 Nxb4 17. Qb3 a5 18. e5 Bc6 19. Bxc6 bxc6 20.
exd6 Qxd6 21. Bb6 Qe5+ 0-1

[Event "Warren (MCO/5/49)"]
[Site "?"]
[Date "1986.??.??"]
[Round "?"]
[White "Warehall, R.."]
[Black "Harrod, D.."]
[Result "1-0"]
[WhiteElo "1605"]
[BlackElo "1605"]
[PlyCount "37"]
[EventDate "1986.??.??"]

{5/(49)} 1. d4 d5 2. e4 dxe4 3. f3 Nf6 4. Nc3 Bf5 5. fxe4 Bxe4 6. Nf3 Bxf3 7.
Qxf3 c6 8. Bg5 Qxd4 9. Rd1 Qe5+ 10. Be3 g5 11. Bc4 Bh6 12. O-O g4 13. Bf4 gxf3
14. Bxe5 Be3+ 15. Kh1 fxg2+ 16. Kxg2 Rg8+ 17. Kh1 Ng4 18. Bxf7+ Kf8 19. Rd8#
1-0

[Event "Warren (MCO/1/20)"]
[Site "?"]
[Date "1986.??.??"]
[Round "?"]
[White "Warehall, R.."]
[Black "Harris, T.."]
[Result "0-1"]
[WhiteElo "1605"]
[BlackElo "2050"]
[PlyCount "54"]
[EventDate "1986.??.??"]

{1/(20)} 1. d4 Nf6 2. c4 c5 3. d5 d6 4. Nc3 g6 5. e4 Bg7 6. Bd3 O-O 7. Nge2 e6
8. O-O exd5 9. Nxd5 Nxd5 10. exd5 Nd7 11. Qc2 Ne5 12. Ng3 f5 13. Rb1 Qh4 14.
Be2 f4 15. Ne4 f3 16. Bd1 fxg2 17. Re1 Bg4 18. Bg5 Qh5 19. Be7 Bxd1 20. Qxd1
Nf3+ 21. Kxg2 Qxh2+ 22. Kf1 Nxe1 23. Bxf8 Rxf8 24. Qg4 Nc2 25. Qe6+ Kh8 26.
Qxd6 Qh1+ 27. Ke2 Qxe4+ 0-1

[Event "Warren (MCO/3/31)"]
[Site "?"]
[Date "1986.??.??"]
[Round "?"]
[White "Warehall, R.."]
[Black "Bolda, M.."]
[Result "0-1"]
[WhiteElo "1605"]
[BlackElo "1790"]
[PlyCount "42"]
[EventDate "1986.??.??"]

{3/(31)} 1. d4 Nf6 2. c4 e5 3. dxe5 Ng4 4. Nf3 Bc5 5. Bg5 Bxf2+ 6. Kd2 f6 7.
exf6 Nxf6 8. Nc3 d5 9. Bxf6 Qxf6 10. cxd5 Qf4+ 11. Kc2 Be3 12. g3 Bf5+ 13. Kb3
Qd6 14. a4 Na6 15. Ra3 Nb4 16. Nd4 Bxd4 17. Qxd4 c5 18. Qe3+ Kf7 19. Bg2 c4+
20. Kxc4 Rac8+ 21. Kb3 Bc2# 0-1

[Event "Warren (MCO/4/35)"]
[Site "?"]
[Date "1986.??.??"]
[Round "?"]
[White "Varner, M.."]
[Black "Murray, David"]
[Result "0-1"]
[WhiteElo "1605"]
[BlackElo "1985"]
[PlyCount "76"]
[EventDate "1986.??.??"]

{4/(35)} 1. d4 Nf6 2. Nc3 d5 3. Nf3 c5 4. dxc5 e6 5. Bg5 Bxc5 6. e4 O-O 7. e5
Qb6 8. exf6 Bxf2+ 9. Ke2 gxf6 10. Bh6 Bd7 11. Qd3 Rc8 12. Be3 Bxe3 13. Qxe3
Qxb2 14. Rb1 Qxc2+ 15. Qd2 Rxc3 16. Qxc2 Rxc2+ 17. Ke3 Rxa2 18. Rxb7 Ra1 19.
Rg1 e5 20. Kf2 Be6 21. Be2 Rxg1 22. Kxg1 Nc6 23. g4 Bxg4 24. Kf2 Bxf3 25. Bxf3
e4 26. Bh5 Ne5 27. Rb5 a5 28. Rxd5 a4 29. Rd1 a3 30. Ra1 a2 31. Bd1 Nd3+ 32.
Ke3 f5 33. Bc2 Ra3 34. Kd4 Nb4 35. Bd1 Rd3+ 36. Ke5 Rxd1 37. Rxd1 Nc2 38. Kxf5
Ne3+ 0-1

[Event "Warren (MCO/3/33)"]
[Site "?"]
[Date "1986.??.??"]
[Round "?"]
[White "Varner, M.."]
[Black "Levadi, David"]
[Result "0-1"]
[WhiteElo "1605"]
[BlackElo "1790"]
[PlyCount "140"]
[EventDate "1986.??.??"]

{3/(33)} 1. e4 e5 2. Nf3 Nf6 3. Nc3 Bb4 4. Bc4 Nc6 5. O-O O-O 6. a3 Bxc3 7.
dxc3 Nxe4 8. Re1 Nd6 9. Bb3 Qf6 10. h3 Ne8 11. Bd5 d6 12. Nh2 Qg6 13. Qd3 Ne7
14. Qxg6 Nxg6 15. Nf3 Nf6 16. Bb3 h6 17. Nd2 Re8 18. Ne4 Nxe4 19. Rxe4 Bd7 20.
Bd2 a6 21. Re3 Be6 22. Rae1 Bxb3 23. cxb3 Kf8 24. g3 Ne7 25. c4 Nf5 26. Rc3
Rad8 27. Kg2 Nd4 28. Be3 Ne6 29. Rd3 f6 30. h4 Kf7 31. Rdd1 Rd7 32. f4 exf4 33.
gxf4 f5 34. b4 Rde7 35. Kf2 h5 36. c5 Rd7 37. b3 Red8 38. cxd6 Rxd6 39. Rxd6
Rxd6 40. Bc5 Nxf4 41. Bxd6 Nd3+ 42. Ke2 Nxe1 43. Bxc7 Nc2 44. Kf3 Nxa3 45. Kf4
g6 46. Ke5 Nb5 47. Bb6 Nc3 48. Bc5 Ne4 49. Be3 Ke7 50. Kd5 Kd7 51. Bf4 Nf2 52.
Bg3 Nh3 53. Ke5 f4 54. Bxf4 Nxf4 55. Kxf4 Ke6 56. Ke4 Kf6 57. Kd5 g5 58. Ke4
gxh4 59. Kf4 Ke6 60. Kf3 Ke5 61. Kg2 Kf4 62. Kh3 Kg5 63. Kh2 Kg4 64. Kg2 h3+
65. Kh2 h4 66. Kg1 b5 67. Kh2 Kf3 68. Kxh3 Ke3 69. Kxh4 Kd3 70. Kg4 Kc3 0-1

[Event "Warren (MCO/1/29)"]
[Site "?"]
[Date "1986.??.??"]
[Round "?"]
[White "Varner, M.."]
[Black "Lahr, Fred"]
[Result "0-1"]
[WhiteElo "1605"]
[BlackElo "1605"]
[PlyCount "104"]
[EventDate "1986.??.??"]

{1/(29)} 1. e4 c5 2. Nf3 d6 3. Bc4 e6 4. Nc3 Nc6 5. O-O g6 6. d4 cxd4 7. Nxd4
Bg7 8. Nxc6 bxc6 9. Bf4 d5 10. exd5 cxd5 11. Bb3 Nf6 12. Nb5 O-O 13. Nc7 Nh5
14. Nxa8 Nxf4 15. Qf3 Nh5 16. c4 Ba6 17. Rfd1 Bb7 18. Qd3 Qxa8 19. Qd2 dxc4 20.
Bxc4 Bxg2 21. Rab1 Qf3 22. Be2 Qe4 23. Qe3 Nf4 24. Qxe4 Bxe4 25. Bf1 Bxb1 26.
Rxb1 Rd8 27. b4 Rd2 28. a4 Bd4 29. h3 Rxf2 30. Kh1 Nh5 31. Bg2 Ng3+ 32. Kh2 Be5
33. Re1 Re2 34. Rb1 Ra2 35. h4 Nf5+ 36. Kh3 Ne3 37. Re1 Rxg2 38. Rxe3 Rh2+ 39.
Kg4 h5+ 40. Kf3 Rh3+ 41. Ke4 Rxe3+ 42. Kxe3 Bg3 43. a5 Bxh4 44. b5 Bd8 45. b6
axb6 46. a6 b5 47. Kd3 Bb6 48. Kc3 h4 49. Kb4 h3 50. Kxb5 Ba7 51. Kc6 h2 52.
Kb7 Be3 0-1

[Event "Kalamazoo (WMUSO/1/1)"]
[Site "?"]
[Date "1986.??.??"]
[Round "?"]
[White "VanMeter, L.."]
[Black "Harrold, Alvin"]
[Result "1-0"]
[WhiteElo "2265"]
[BlackElo "1830"]
[PlyCount "107"]
[EventDate "1986.??.??"]

{1/(1)} 1. d4 Nf6 2. c4 e6 3. Nf3 Bb4+ 4. Nbd2 O-O 5. a3 Be7 6. e4 d5 7. e5
Nfd7 8. cxd5 exd5 9. Bd3 c5 10. dxc5 Nc6 11. O-O Ndxe5 12. Nxe5 Nxe5 13. Bb1
Bg4 14. Qc2 g6 15. f4 Bf5 16. Qc3 d4 17. Qg3 Bh4 18. Qb3 Be6 19. Qxb7 Ng4 20.
Be4 d3 21. Nf3 Rb8 22. Qa6 d2 23. Bxd2 Rxb2 24. Qd6 Bf2+ 25. Rxf2 Qxd6 26. cxd6
Nxf2 27. Kxf2 Rd8 28. Rb1 Rxb1 29. Bxb1 Rxd6 30. Bb4 Rb6 31. Bd3 Bd5 32. Ke3 f6
33. Kd4 Ba8 34. Ne1 Kf7 35. g3 Ke6 36. Nc2 Bg2 37. Bc4+ Kd7 38. Ne3 Bf3 39. f5
g5 40. Nd5 Bxd5 41. Kxd5 a5 42. Bxa5 Rb2 43. Bb4 Rxh2 44. Bb5+ Kd8 45. Ke6 Rg2
46. Be7+ Kc7 47. a4 Kb6 48. Bxf6 Rxg3 49. Bd8+ Kc5 50. f6 Re3+ 51. Kf5 h6 52.
f7 Rf3+ 53. Kg6 g4 54. Bf6 1-0